| 000 | 00952cam a22002775a 4500 | ||
|---|---|---|---|
| 008 | 090119t1996 ua g |||| 000 0 eng d | ||
| 010 | _a95015510 | ||
| 020 | _a0385420943 | ||
| 020 | _a9774246799 | ||
| 020 | _a9789774246671 | ||
| 082 | 0 | 4 |
_a892.736 _bMAH _222 |
| 100 | 1 | _aMahfouz, Naguib | |
| 240 |
_aAwlad Haratina _lArabic |
||
| 245 | 1 | 0 |
_aChildren of the alley / _cNaguib Mahfouz . |
| 260 |
_aCairo: _bThe American University in Cairo, _cc.1996. |
||
| 300 |
_a448 p. ; _c24 cm. |
||
| 490 | _aModern Arabic literature | ||
| 500 | _aFirst published in Arabic in 1959 as Awlad haratina | ||
| 650 | 0 |
_aFamily _zEgypt _vFiction. _2BUEsh |
|
| 651 | 0 |
_aEgypt _2BUEsh |
|
| 653 |
_bARALIT _cAugust2015 |
||
| 655 | 7 |
_aPolitical fiction. _vreading book |
|
| 700 | 1 |
_aTheroux, Peter. _91764 |
|
| 856 | 4 | 2 |
_3Contributor biographical information _uhttp://www.loc.gov/catdir/enhancements/fy0703/95015510-b.html |
| 942 |
_cBB _k892.736M2148 _2ddc |
||
| 999 |
_c2689 _d2689 |
||